| 000 | 00621nam a2200181 4500 | ||
|---|---|---|---|
| 001 | 116184 | ||
| 003 | ES-MaACL | ||
| 005 | 20230906190644.0 | ||
| 007 | t| | ||
| 008 | 061121s1919 fr r ||||1| fre d | ||
| 100 | 1 |
_aPatri, Angelo. _989585 |
|
| 245 | 1 | 0 |
_aVers l'école de demain _b: souvenirs d'un maître d'école américain / _cAngelo Patri ; traduit de l'anglais par L. Herr ; avec une préface de Ferdinand Buisson. |
| 260 |
_aParis : _bLibrairie Hachette, _c1919. |
||
| 300 |
_aVIII, 247 p. ; _c19 x 12 cm. |
||
| 700 | 1 |
_aHerr, L. _963134 |
|
| 700 | 1 |
_aBuisson, Ferdinand. _932468 |
|
| 852 |
_aES-MaACL _jF-11037 |
||
| 999 |
_c116184 _d116184 |
||